000 00385nam a2200181Ia 4500
005 20240823060201.0
008 240823s9999||||xx |||||||||||||| ||und||
041 _aTAMIL
082 _A824.8 Q8
100 _aBharatha Devi
245 0 _aEnga Ooru Vasam
250 _a1st
260 _c2018
_bThe
500 _aYES
650 _aTamil
_bGeneral
942 _cBK
999 _c230531
_d230531